75 Jahre ARD - Die emotionalsten Sportschau-Momente - Statistiken

Allgemein
  • Dieses Quiz wurde 95 mal gespielt
    87 seit der letzten Aktualisierung
  • Das Durchschnittsergebnis liegt bei 9 aus 12
Antwortstatistiken
# Sportart Jahr Beschreibung Sportler/in % Korrekt
2 Tennis 1985 Dieser 17-Jährige wird jüngster und erster deutscher Wimbledon-Sieger im Herreneinzel. Boris Becker
96%
1 Fußball 1974 Westdeutschland wird Fußball-Weltmeister. Nennen Sie den damaligen Kapitän der Nationalmannschaft. Franz Beckenbauer
94%
4 Tennis 1988 Ihr gelingt erstmals in der Geschichte des Sports ein Golden Slam. Steffi Graf
94%
1990 Lothar Matthäus
92%
2014 Deutschland wird Fußball-Weltmeister. Nennen Sie den damaligen Kapitän der Nationalmannschaft. Philipp Lahm
90%
3 Gewichtheben 2008 Er widmet seinen Olympiasieg seiner verstorbenen Frau und zeigt ihr Bild bei der Medaillenverleihung. Matthias Steiner
78%
7 Straßenradsport 1997 Dieser gebürtige Rostocker wird der erste deutsche Sieger bei der Tour de France. Jan Ullrich
76%
5 Eiskunstlauf 1988 In Calgary gewinnt sie für die DDR als "Carmen" ihre zweite Goldmedaille. Katarina Witt
70%
10 Boxen 1988 Die olympische Goldmedaille dieses "Gentlemans" löst einen Box-Boom in Deutschland aus. Henry Maske
68%
8 Schwimmen 1992 Diese gebürtige Ost-Berlinerin gewinnt mit nur 14 Jahren Olympia-Silber. Franziska van Almsick
58%
6 Ski alpin 1976 Diese Skirennfahrerin gewinnt 2x olympisches Gold in Innsbruck. Rosi Mittermaier
54%
9 Leichtathletik 1972,1984 Sie wird die jüngste (1972) bzw. älteste (1984) Olympia-Siegerin im Hochsprung. Ulrike Nasse-Meyfarth
25%
Keine übereinstimmenden Quizze gefunden
Verteilung der Resultate
Anzahl Personen mit jedem Resultat
Perzentil nach korrekt beantworteten Fragen
Ihre Resultats-Entwicklung
Sie haben dieses Quiz seit der letzten Aktualisierung nicht gespielt